Quiz o sąsiadach Polski - Statystyki

Ogólne statystyki
  • Ten quiz został rozwiązany 111 razy
  • Średni wynik to 6 z 11
Statystyki odpowiedzi
Pytania Odpowiedzi % Poprawnych
Wyżynny kraj na południe od Polski Czechy
94%
W jakim kraju znajduję się Brama Brandenburska Niemcy
93%
Jaki kraj jest kątrolowany przez Rosje Ukraina
86%
Ten kraj najbardziej ucierpiał podczas katastrofy w Czarnonylu Białoruś
79%
Które państwa nie należą do strefy Schengen Białoruś Rosja
74%
Gdzie znajduję się najdłuższa linia kolejowa świata Rosja
74%
Jaką walute ma Białoruś rubel białoruski
42%
Waluta Rosji rubel rosyjski
41%
Jaka turystyka głównie rozwija się w Słowacji turystyka aktywna
3%
Jaką powierzchnie ma w przybliżeniu Puszcza Białowieska 150 500 ha
2%
Jakie kraje do 1991 roku należały do Związku Radzieckiego, NIE SA członkami Uni europejskiej Białoruś Rosja Ukriania
0%
Nie znaleziono quizów pasujących do podanych kryteriów
Rozkład punktacji
Procent ludzi z każdym wynikiem
Percentyl według liczby udzielonych odpowiedzi
Twoja historia wyników
Nie rozwiązałeś tego quizu